عرض عادي
عرض مارك
- Miller, Ronald D.,
مدخل إسم شخص
001 - رقم الضبط
- حقل الضبط: 16276
003 - معرف رقم الضبط
- حقل الضبط: OSt
005 - تاريخ ووقت أخر عملية
- حقل الضبط: 20120624084723.0
008 - عناصر بيانات ثابتة الطول
- حقل تحكم ثابت الطول: 120624|||a|||||| | ||| d
040 ## - مصدر الفهرسة
- هيئة الفهرسة الأصلية: OSt
- وكالة الكتابة: OSt
100 ## - مدخل -- أسم شخص
- إسم شخص: Miller, Ronald D.,
- تواريخ مرتبطة بالاسم: 1939-
670 ## - بيانات المصدر موجوده
- الاستشهاد بالمصدر: Work cat.: (OSt)0: Miller's anesthesia /, 2010.
